South Park Quiz - Statistics

General Stats
  • This quiz has been taken 175 times
  • The average score is 12 of 15
Answer Stats
Question Answer % Correct
What did Cartman turn Scott Tenormans parents into? Chilli
100%
How does Jimmy Valmer win the special Olympics? He uses steroids
97%
What's the name of Mr. Garrison's hand puppet? Mr. Hat
97%
In the episode Imagination Land, what did Cartman bet Kyle that he saw in the forest? A Leprechaun
94%
Cartman's not fat, he's ? Big Boned
94%
What was the name of Cartman's Christian band? Faith+1
88%
What food commercial was Cartman in? Cheesy Poofs
84%
"No kitty that's my ?" Pot Pie
84%
What was the name of Satan's boyfriend after Saddam Hussein? Chris
81%
What does Cartman tell Butters is going happen so he can go to Casa Bonita? An asteroid is going to hit them
66%
South Park holds the record for most times what word was said on a TV show episode? Shit
66%
Which country wanted to beat the boys into being the first to build a ladder to Heaven? China
63%
According to Cartman, what do people get if their mom farts at childbirth? Diabetes
63%
What ninja weapon did Kyle buy? Nunchucks
56%
What do the superheroes want to be called instead of Coon and Friends? Extreme Avenger League
34%
No matching quizzes found
Score Distribution
Percent of People with Each Score
Percentile by Number Answered
Your Score History
You have not taken this quiz